000 00703nam a2200241Ia 4500
003 OSt
005 20220918110656.0
006 a|||||r|||| 00| 0
007 ta
008 220915b |||||||| |||| 00| 0 eng d
024 _a233400
037 _cReference Collections
040 _aARTS
_cARTS
_beng
041 _2eng
_aeng
082 _aO11196k, P3 (RR)
100 _aBooker M Keith Ed.
_98919
245 0 _aChinua achebe encyclopedia
260 _aWestport
_bGreenwood Press
_c2003
300 _axxi, 318p
650 _aAFRICAN LITERATURE; AFRICAN LITERATURE
_98920
942 _hO11196k, P3 (RR)
_cREF
999 _c113926
_d113926